000 nam a22 7a 4500
999 _c9504
_d9504
008 180201b ||||| |||| 00| 0 eng d
100 _aJaisingh, S
_95692
245 _aPractice Questions in mathematics with model test papers - VII
260 _aNew Delhi
_bArya Publication
_c2008